00273nam a2200121Ia 4500100002000000650002700020250000600047245004200053260002200095082001400117300000800131546001200139 aTurban/Erfrain  aInformation technology a6 aInformation technology for management bWiley Indiac2008 a5.74bTUR a700 aENGLISH